MARC details
| 000 -CABECERA |
| campo de control de longitud fija |
02476nam a22002057a 4500 |
| 008 - DATOS DE LONGITUD FIJA--INFORMACIÓN GENERAL |
| campo de control de longitud fija |
251024b |||||||| |||| 00| 0 eng d |
| 020 ## - NÚMERO INTERNACIONAL ESTÁNDAR DEL LIBRO |
| Número Internacional Estándar del Libro |
9781529346053 |
| 040 ## - FUENTE DE LA CATALOGACIÓN |
| Centro/agencia transcriptor |
TBS |
| 050 ## - SIGNATURA TOPOGRÁFICA DE LA BIBLIOTECA DEL CONGRESO |
| Número de clasificación |
BF449 |
| Número de documento/Ítem |
.S34 2023 |
| 100 ## - ENTRADA PRINCIPAL--NOMBRE DE PERSONA |
| Nombre de persona |
Savaget, Paulo |
| 9 (RLIN) |
26331 |
| Término indicativo de función/relación |
author |
| 245 ## - MENCIÓN DE TÍTULO |
| Título |
The four workarounds |
| Resto del título |
: strategies from the world's scrappiest organizations for tackling complex problems |
| Mención de responsabilidad, etc. |
/ Paulo Savaget. |
| 260 ## - PUBLICACIÓN, DISTRIBUCIÓN, ETC. |
| Lugar de publicación, distribución, etc. |
London : |
| Nombre del editor, distribuidor, etc. |
John Murray (Publisher), |
| Fecha de publicación, distribución, etc. |
2024. |
| 300 ## - DESCRIPCIÓN FÍSICA |
| Extensión |
x, 288 pages ; |
| Dimensiones |
22 cm |
| 505 ## - NOTA DE CONTENIDO CON FORMATO |
| Nota de contenido con formato |
The Piggyback — The Loophole — The Roundabout — The Next Best — The Workaround Attitude — The Workaround Mindset — The Workaround Building Blocks — Workarounds in Your Organization — Coda: Workarounds Outside of Work. |
| 520 ## - SUMARIO, ETC. |
| Sumario, etc. |
Oxford University professor and award-winning researcher Paulo Savaget reveals the ways that the scrappiest organizations problem solve and how everyone can use the same tools at work and in life. We constantly encounter complex problems at home, in our places of work, and in society at large. Even if we had all the time and money in the world, sometimes no good solution can be found. So, what should we do, especially when we can't wait? The answer: A Workaround. When Paulo Savaget was ten months old growing up in Brazil, he became deathly ill. His parents had no access to baby formula he needed-but managed to save his life using a simple workaround. Decades later, Savaget began to study workarounds to find different ways they can address our most urgent problems. For ages, corporations have been lecturing the world on how to get things done-but Savaget soon discovered that much about problem-solving can be learned from the scrappiest groups. He focused his research on groups that have made an artform out of subverting the status quo. He identified four workarounds: the piggyback, the loophole, the roundabout, and the next-best. This book explains how each one works and how to know which one to use when. The Four Workarounds covers stories of how seemingly intractable problems-from public urination to the challenges of delivering life-saving medicine to remote communities- were unconventionally addressed. Savaget shows how some of the world's most influential and admired organizations have used and benefited from these scrappy tactics. And he demonstrates how we can, too. |
| 650 #0 - PUNTO DE ACCESO ADICIONAL DE MATERIA--TÉRMINO DE MATERIA |
| Término de materia o nombre geográfico como elemento de entrada |
Problem solving |
| 9 (RLIN) |
8435 |
| 650 #0 - PUNTO DE ACCESO ADICIONAL DE MATERIA--TÉRMINO DE MATERIA |
| Término de materia o nombre geográfico como elemento de entrada |
Positive psychology |
| 9 (RLIN) |
6861 |
| 650 #0 - PUNTO DE ACCESO ADICIONAL DE MATERIA--TÉRMINO DE MATERIA |
| Término de materia o nombre geográfico como elemento de entrada |
Decision making |
| 9 (RLIN) |
339 |
| 942 ## - ELEMENTOS DE ENTRADA AGREGADA (KOHA) |
| Fuente del sistema de clasificación o colocación |
Clasificación de Library of Congress |